1970 1275 1405 1061 1624 1397 1553 1618 1175 1357 1516 1205 1890 1372 1250 1378 1572 1543 1725 1182 1762 1164 1509 1928 1060 1180 1860 1740 1425 1762 1121 1895 1795 1672 1041 1868 1434 1117 1814 1627 1329 1450 1192 1939 1302 1293 1842 1117 1625 1155 1643 1469 1055 1020 1632 1742 1455 1150 1382 1265 1790 1107 1745 1267 1013 1035 1446 1734 1090 1370 1401 1684 1304 1503 1924 1370 1325 1344 1703 1439 1034 1373 1979 1982 1862 1792 1464 1118 1309 1454 1389 1946 1302 1785 1902 1721 1699 1416 1201 BCNSPRNW ULIB Ver.6.0+V

เปลี่ยนเป็นภาษาไทย

Change to English
 แสดงรายละเอียดบรรณานุกรม
  กลับหน้าหลัก

Brief Record : Get Marc (ISO 2709) : E-mail record : QR code < ปิดหน้าต่าง
LEADER : 00000nam 2200000uu 4500
001    13399112386
003     ULIB
008    110810s2551||||th 000 0 tha d
020    9789742363031
060 04 W84^bช576ค 2552
100 0  ชิษณุ พันธุ์เจริญ
245 00 คู่มือทักษะการสื่อสารด้านบริการทางการแพทย์ /^cบรรณาธิการ, ชิษณุ พันธุ์เจริญ, จรุงจิตร์ งามไพบูลย์
246 14 ทักษะการสื่อสารด้านบริการทางการแพทย์ :^bฉบับพกพา
246 30 ทักษะการสื่อสารด้านบริการทางการแพทย์
250    พิมพ์ครั้งที่ 1
260    กรุงเทพฯ :^bธนาเพรส,^c2551
300    107 หน้า ;^c19 ซม.
650  7 การสื่อสารทางการแพทย์^vคู่มือ
650  7 การให้คำปรึกษา
650  7 ผู้ป่วย^xการให้คำปรึกษา
700 0  จรุงจิตร์ งามไพบูลย์,^eบรรณาธิการ
710 2  โรงพยาบาลจุฬาลงกรณ์. ^bฝ่ายกุมารเวชศาสตร์.^bศูนย์ฝึกอบรมทักษะการสื่อสาร
945    ^p90^l0^i025254
945    ^p90^l0^i025255
945    ^p90^l0^i025256
945    ^p90^l0^i025257
945    ^p90^l0^i025258
945    ^p90^l0^i025259
945    ^p90^l0^i025260
945    ^p90^l0^i026410
995    ทศพร
999 ^a ทศพร
รายการนี้ยังไม่มีแท็ก
คุณยังไม่ได้ล็อกอิน คุณสามารถมีกิจกรรมร่วมกับเว็บไซต์ได้ แต่ต้องล็อกอินก่อน ::
  ล็อกอิน

รายการสื่อสารสนเทศ

ลำดับที่ ประเภท เลขเรียก/บาร์โค้ด สถานที่ สถานะ
- ไม่พบข้อมูล -

รายการใกล้เคียง
    ผู้แต่ง [ชิษณุ พันธุ์เจริญ]

    หัวเรื่อง [การให้คำปรึกษา]

BibComment


ยังไม่เคยถูกคอมเมนท์

คอมเมนท์ทรัพยากรรายการนี้
  คอมเมนท์: คู่มือทักษะการสื่..


 Copyright 2026. Bcnsprnw @Library